| 000 | 00527nam a2200181Ia 4500 | ||
|---|---|---|---|
| 003 | GCL | ||
| 008 | 140319s9999 xx 000 0 ara d | ||
| 040 |
_aGCL / _cGCL |
||
| 082 | 0 | 4 |
_aد _b050 |
| 100 | 1 | _aاحمد البلك | |
| 245 | 1 | 0 |
_aاشهر من قرا القران فى العصر الحديث (اقرا 576) / _cاحمد البلك |
| 300 | _a127 | ||
| 490 |
_aاقرأ _v0 |
||
| 650 | 0 | 4 | _aالمشايخ |
| 650 | 0 | 4 | _aالقران، القراءات والتجويد |
| 650 | 0 | 4 | _aالقران |
| 942 |
_2ddc _cBK |
||
| 999 |
_c49056 _d49056 |
||